Virtualizácia robotickej bunky so zvýšením efektivity jej činnosti

Na minha lista:
Detalhes bibliográficos
Autor principal: Charvát, Dominik (Author)
Outros Autores: Juhás, Martin (Thesis advisor)
Formato: Manuscrito Livro
Idioma:eslovaco
Publicado em: 2018
Assuntos:
Acesso em linha:http://is.stuba.sk/zp/portal_zp.pl?podrobnosti=146401
Tags: Adicionar Tag
Sem tags, seja o primeiro a adicionar uma tag!

MARC

LEADER 00000ntm a22000003a 4500
001 stuzp67629
003 SK-STU
005 20180820154929.3
007 ta
008 150427s2015----xo-----f-mn---000-0-slo-d
040 |a STU  |b slo 
041 0 |a slo 
100 1 |a Charvát, Dominik  |u 066000  |4 aut  |U MTF Materiálovotechnologická fakulta  |T MTF Ústav aplikovanej informatiky, automatizácie a mechatroniky  |X 77407  |U M6000  |Y 86  |7 77407 
242 0 1 |a Virtualization of a robotic cell with efficiency of its operation increasing  |y eng 
245 1 0 |a Virtualizácia robotickej bunky so zvýšením efektivity jej činnosti 
260 |c 2018 
650 4 |a robot  |2 slo 
650 4 |a simulácia  |2 slo 
650 4 |a CIROS Studio  |2 slo 
650 4 |a efficieny  |2 eng 
650 4 |a robot  |2 eng 
650 4 |a simulation  |2 eng 
700 1 |a Juhás, Martin  |u 066000  |k Z1  |4 ths  |U MTF Materiálovotechnologická fakulta  |T MTF Ústav aplikovanej informatiky, automatizácie a mechatroniky  |X 2855  |U M6000  |Y 86  |7 A000002855 
856 4 |u http://is.stuba.sk/zp/portal_zp.pl?podrobnosti=146401 
996 |c M* BP-8208  |l MMSKP  |s P  |a 0  |w stuzp67629_0001